Normal view
MARC view
- Wilen, Samuel H.
Entry Personal Name
001 - CONTROL NUMBER
- control field: 1264
003 - CONTROL NUMBER IDENTIFIER
- control field: NUST
005 - DATE AND TIME OF LATEST TRANSACTION
- control field: 20170522114839.0
008 - FIXED-LENGTH DATA ELEMENTS
- fixed length control field: 170522|| aca||aabn | a|a d
040 ## - CATALOGING SOURCE
- Original cataloging agency: NUST
- Transcribing agency: NUST
100 ## - HEADING--PERSONAL NAME
- Personal name: Wilen, Samuel H.
670 ## - SOURCE DATA FOUND
- Source citation: Work cat.: (NUST)0: Eliel, Ernest Ludwig, 1921- 1261, Stereochemistry of organic compounds /, c1994.
